00446 a2200157 4500003000500000005001700005040000900022245005000031260002900081300000900110500001100119650002700130942001200157999001900169952010000188Nust20170207164544.0 cNust aDigital systems designcRamaswami Palaniappan bVentus publishingc2011. a130p aE Book aDigital systems design 2ddccBK c209243d209243 00102ddc40708NFICaMCSbMCSd2016-12-12l0o621.395pMCSEB-1081r2016-12-08w2016-12-12yBK